Women in history : (Record no. 94567)

MARC details
000 -LEADER
fixed length control field 00668nam a22002057a 4500
005 - DATE AND TIME OF LATEST TRANSACTION
control field 20150806122059.0
010 ## - LCCN (DPL NO)
LC control number ENG-113336
020 ## - INTERNATIONAL STANDARD BOOK NUMBER
International Standard Book Number 9789351710066
Terms of availability 1195.00
035 ## - SYSTEM CONTROL NUMBER
System control number EN-96868
037 ## - SOURCE OF ACQUISITION
Source of stock number/acquisition DBAD/PUB
100 ## - MAIN ENTRY--PERSONAL NAME
Personal name Lakshmi, I.
245 ## - TITLE STATEMENT
Title Women in history :
Statement of responsibility, etc edited by Indira [and] R. Varalakshmi
Remainder of title festschrift in honour of I. Lakshmi /
260 ## - PUBLICATION, DISTRIBUTION, ETC. (IMPRINT)
Place of publication, distribution, etc New Delhi
Name of publisher, distributor, etc Research India
Date of publication, distribution, etc 2015
270 ## - ADDRESS
Address E-6/34, Sangam Vihar,
City New Delhi
Postal code 110062
300 ## - PHYSICAL DESCRIPTION
Extent xxv,333p.
Dimensions 23cm(Hb)
500 ## - GENERAL NOTE
General note Includes bibliographical references and index
700 ## - ADDED ENTRY--PERSONAL NAME
Personal name Indira
700 ## - ADDED ENTRY--PERSONAL NAME
Personal name Varalakshmi,R.
942 ## - ADDED ENTRY ELEMENTS (KOHA)
Source of classification or shelving scheme Dewey Decimal Classification
Item type English Books
Call number suffix WOM
Classification part 305.409
Holdings
Withdrawn status Lost status Not for loan Collection code Home library Current library Date acquired Source of acquisition Cost, normal purchase price Full call number Barcode Copy number Cost, replacement price Koha item type
    Not For Loan Non-fiction D.B.Act.Division D.B.Act.Division 30/06/2015 DBAD/PUB 1195.00 305.409 WOM EN-96868 1 1195.00 English Books

© Delhi Public Library
Hit Counter
free hit counter